000 00669nam a2200289Ia 4500
005 20260324122114.0
008 008 260324s9999 xx 000 0 eng d
020 _a9781351277204
037 _aEBOOK
040 _aCRL
040 _beng
040 _cCRL
041 _2eng
041 _aeng
084 _qCRL
100 _aDorothée Baumann-Pauly
_91165132
245 0 _aManaging Corporate Legitimacy
245 2 _bA Toolkit
260 _bTaylor and Francis
260 _c2013
365 _a
365 _b99.99
856 _uhttp://www.taylorfrancis.com/books/9781351277204
942 _cEBOOK
999 _c1757636
_d1757636